| 000 | 00891nam a22002297a 4500 | ||
|---|---|---|---|
| 005 | 20090801112754.0 | ||
| 008 | 090801t xxu||||| |||| 00| 0 eng d | ||
| 010 | _aENG-94593 | ||
| 020 |
_a9788170493044 _c495.00 |
||
| 035 | _aEN-78126 | ||
| 037 | _bDBAD / PUB | ||
| 040 |
_adpl _bEnglish |
||
| 082 | _a355.33041 | ||
| 100 | _aNarendar Singh | ||
| 245 |
_aLeadership in 21st century / _cby Narendar Singh |
||
| 260 |
_aNew Delhi _bManas Publications _c2008 |
||
| 270 |
_a4402/5-A, Main Ansari Road, (Opp. HDFC Bank), Daryaganj, _bNew Delhi _e110002 |
||
| 300 |
_a211p. _c23cm(Hb) |
||
| 500 | _aIncludes bibliographical references and index | ||
| 942 |
_2ddc _cEN _mNAR _h355.33041 |
||
| 999 |
_c28817 _d28817 |
||